| 000 | 00554nam a22002057a 4500 | ||
|---|---|---|---|
| 003 | OSt | ||
| 005 | 20240315150200.0 | ||
| 008 | 160203b xxu||||| |||| 00| 0 eng d | ||
| 020 | _a0131225200 | ||
| 040 | _c040a | ||
| 082 | _a005 ULL 2002 | ||
| 100 |
_aUllman, Jeffrey D.; Widom, Jennifer _96556 |
||
| 245 | _aA first Course in Database Systems | ||
| 250 | _a2nd.ed | ||
| 260 |
_aNew Jersey; _bPearson Education, _c2002 |
||
| 300 |
_axvi, 511p; _bill : _c14 cm. |
||
| 504 | _aincludes index | ||
| 650 |
_aDatabase systems _95794 |
||
| 942 |
_2ddc _cSLOAN |
||
| 999 |
_c2940 _d2940 |
||